Plan de Desarrollo Integral de los Pueblos Indígenas de Purús 2011-2016 (Record no. 29191)

MARC details
000 -LEADER
campo de control de longitud fija 00351nam a2200109Ia 4500
005 - FECHA Y HORA DE LA ÚLTIMA TRANSACCIÓN
campo de control 20251222152710.0
008 - DATOS DE LONGITUD FIJA--INFORMACIÓN GENERAL
campo de control de longitud fija 251222s9999||||xx |||||||||||||| ||spa||
082 ## - NÚMERO DE LA CLASIFICACIÓN DECIMAL DEWEY
Número de clasificación 634.04/F34
100 ## - ENTRADA PRINCIPAL--NOMBRE DE PERSONA
Nombre de persona Federación de Comunidades Nativas de la Provincia de Purús
245 #0 - MENCIÓN DEL TÍTULO
Título Plan de Desarrollo Integral de los Pueblos Indígenas de Purús 2011-2016
942 ## - ELEMENTOS DE ENTRADA SECUNDARIOS (KOHA)
Tipo de ítem Koha Libros
Holdings
Estatus retirado Estado de pérdida Estado de daño No para préstamo Biblioteca de origen Biblioteca actual Ubicación en estantería Fecha de adquisición Total de préstamos Signatura topográfica completa Código de barras Visto por última vez Precio de reemplazo Tipo de ítem Koha
        Biblioteca Nopoki Biblioteca Nopoki Programa 22/12/2025   634.04/F34 0032416 22/12/2025 22/12/2025 Libros